000 00401 a2200145 4500
999 _c7324
_d7324
020 _a9788131802625
050 _aHF 1017 GUP 2008
100 _aGupta, Parmanand
_eauthor
245 _aComprehensive business statistics /
_cParmanand Gupta
264 _aNew Delhi :
_bLaxmi publications,
_c2008
300 _a661p.:
_bill.
500 _aNo index
650 _aStatistics
942 _2lcc
_cBK
_h1017
_iGUP
_kHF